The planning of investment programs in the fertilizer industry / (Record no. 11993)

000 -LEADER
fixed length control field 00734pam a2200217 i 4500
020 ## - INTERNATIONAL STANDARD BOOK NUMBER
ISBN 080182138X :
020 ## - INTERNATIONAL STANDARD BOOK NUMBER
ISBN 0801821533 (pbk.) :
040 ## - CATALOGING SOURCE
Transcribing agency DLC
082 00 - DEWEY DECIMAL CLASSIFICATION NUMBER
Classification number 338 JOH 1980 A017 Or.
100 1# - MAIN ENTRY--AUTHOR NAME
Personal name Choksi, Armeane M.,
245 14 - TITLE STATEMENT
Title The planning of investment programs in the fertilizer industry /
260 ## - PUBLICATION, DISTRIBUTION, ETC. (IMPRINT)
Place of publication Baltimore :
Name of publisher Johns Hopkins University Press ;
Place of publication [Washington] :
Name of publisher published for the World Bank,
Year of publication c1980.
300 ## - PHYSICAL DESCRIPTION
Number of Pages xv, 333 p. :
Other physical details ill. ;
Dimensions 24 cm.
490 1# - SERIES STATEMENT
Series statement The Planning of investment programs ; v. 2
490 1# - SERIES STATEMENT
Series statement A World Bank research publication
650 #0 - SUBJECT ADDED ENTRY--TOPICAL TERM
Topical Term Fertilizer industry.
650 #0 - SUBJECT ADDED ENTRY--TOPICAL TERM
Topical Term Fertilizer industry
700 1# - ADDED ENTRY--PERSONAL NAME
Personal name Meeraus, Alexander,
700 1# - ADDED ENTRY--PERSONAL NAME
Personal name Stoutjesdijk, Ardy J.,
942 ## - ADDED ENTRY ELEMENTS (KOHA)
Koha item type សៀវភៅភាសាអង់គ្លេស
952 ## - LOCATION AND ITEM INFORMATION (KOHA)
Withdrawn status [LOCAL, KOHA] 0
Holdings
Koha item type Barcode Lost status Permanent Location Current Location Date acquired Full call number
សៀវភៅភាសាអង់គ្លេសA21921 Library Block ALibrary Block A2017-08-09338 JOH 1980 A017 Or.
មជ្ឈមណ្ឌលឯការនៃសាកលវិទ្យាល័យភូមិន្ទកសិកម្មចំការដូង

Powered by Koha